| 000 | 00709cam a22002292 4500 | ||
|---|---|---|---|
| 001 | 0000003544 | ||
| 005 | 20151217145736.0 | ||
| 008 | 070509s xx 000 0 eng d | ||
| 020 |
_a0072485604 : _cGBP 98.9 |
||
| 040 |
_aKABU _cKABU |
||
| 050 | 0 |
_aLB1028 _b.F73 2003 |
|
| 100 | 1 |
_aFraenkel, Jack R. _@0000153537 |
|
| 245 | 1 | 0 |
_aHow to design and evaluate research in education / _cJack R. Fraenkel, Norman E. Wallen. |
| 250 | _a5th ed. | ||
| 260 |
_aBoston : _bMcGraw-Hill, _c2003. |
||
| 300 | _axxxiv, 623 p. | ||
| 650 | 0 |
_aEducational Research. _@0000153535 |
|
| 700 | 1 |
_aWallen, Norman E. _@0000153538 |
|
| 908 | _a070509 | ||
| 950 | _@1 | ||
| 999 |
_c2140 _d2140 |
||